Herec Frontového divadla Andrej Vandlík

Bibliographic Details
Format: Article
Language:Slovak
PhysicalDescription:Obr.
Subjects:

MARC

LEADER 00000nab a2200000 ar4500
001 vtls010071999
003 SK-MaSNL
005 20260303050944.0
008 100305c1974 xo |r|p|||||||000 b|slo
015 |a SNBRB1974 
038 |a SNKBUCL 
040 |a SNKBUCL  |b slo  |c SNKBUCL  |e AACR2 
041 |a slo 
044 |a xo  |c SK 
080 |a 792.071.2  |2 2001 
080 |a 929 Vandlík, Andrej  |2 2001 
245 0 0 |a Herec Frontového divadla Andrej Vandlík  |c [autor] vš 
300 |b Obr. 
600 1 7 |a Vandlík, Andrej,  |d 1925-1985  |2 snkbucl  |9 102385 
655 7 |a profily  |2 snkbucl  |9 341977 
773 0 |t Týdenník Československé televize  |g Č. 35 (1974), s. 6 
852 |a SNK  |b KIS3GCP 
958 |a BX 
999 |c 1709678  |d 1711608